Snow White and the Seven Dwarfs Characters--only as LEGO Minifigures - Statistics

General Stats
  • This quiz has been taken 40 times
  • The average score is 9 of 10
Answer Stats
Picture Answer % Correct
Bashful
97%
Doc
97%
Snow White
97%
Dopey
94%
Grumpy
94%
Happy
94%
Prince
94%
Sleepy
94%
Sneezy
94%
Evil Queen
91%
No matching quizzes found
Score Distribution
Percent of People with Each Score
Percentile by Number Answered
Your Score History
You have not taken this quiz